Statistics for Grow a pear - Ke$ha (Kesha), lyrics

Click here to take the quiz!

General Stats

  • This quiz has been taken 9 times
  • The average score is 346 of 438

Answer Stats

Answer% Correct
A
100%
And
100%
Can
100%
Grow
100%
Hot
100%
I
100%
Pair
100%
Pair,
100%
Think
100%
When
100%
You
100%
You,
100%
Your
100%
You’re
100%
Alright
88%
Back
88%
But
88%
Call
88%
Like
88%
Me
88%
That
88%
About
75%
Acting
75%
All
75%
Chick
75%
Cry
75%
Drop
75%
Heart
75%
Just
75%
Looooove
75%
Love
75%
My
75%
No,
75%
The
75%
This
75%
Time
75%
We
75%
Whine
75%
Yeah,
75%
‘Bout
63%
Brakes
63%
Can’t
63%
Enough
63%
Fell
63%
Had
63%
In
63%
Knooooow
63%
Last
63%
Made
63%
Night,
63%
Of
63%
On
63%
Over
63%
Put
63%
Should
63%
To
63%
Are
50%
Bitch
50%
Date
50%
Don’t
50%
Dude
50%
Face
50%
First
50%
For
50%
Hard
50%
Here
50%
Is
50%
It
50%
Loooot
50%
Man
50%
Met
50%
Non-stop
50%
Not
50%
Now
50%
Panties
50%
Signed
50%
Sitch
50%
Tell
50%
Thinking
50%
Took
50%
Up
50%
Vag’
50%
Was
50%
Were
50%
With
50%
Be
38%
Cool
38%
Droppin’
38%
Saw
38%
That’s
38%
Want
38%
Why
38%
Asked
25%
Confused
25%
Could
25%
Crude
25%
Every
25%
From
25%
Got
25%
If
25%
I’m
25%
Mangina
25%
One
25%
Or
25%
Phonics
25%
Reason
25%
Rude
25%
See
25%
Slippin’
25%
Talk
25%
Thing
25%
Trying
25%
Walking
25%
Wanted
25%
Am
13%
Day
13%
Flippin’
13%
Honest,
13%
Hooked
13%

Score Distribution

Percentile by Number Answered

Percent of People with Each Score

Your Score History

You have not taken this quiz